Minecraft 1.3 - Statistics

General Stats
  • This quiz has been taken 40 times
  • The average score is 21 of 22
Answer Stats
Picture Answer % Correct
Block of Emerald
100%
Book and Quill
100%
Emerald
100%
Emerald Ore
100%
Enchanted Golden Apple
100%
Ender Chest
100%
Tripwire
100%
Written Book
100%
Birch Slab
97%
Birch Stairs
97%
Oak Slab
97%
Sandstone Stairs
97%
Jungle Slab
95%
Jungle Stairs
95%
Birch Wood
92%
Cocoa
92%
Oak Wood
92%
Spruce Slab
92%
Spruce Stairs
92%
Jungle Wood
86%
Tripwire Hook
86%
Spruce Wood
84%
No matching quizzes found
Score Distribution
Percent of People with Each Score
Percentile by Number Answered
Your Score History
You have not taken this quiz